000 00300nam a2200133Ia 4500
005 20260328104311.0
008 260328s9999||||xx |||||||||||||| ||und||
100 _aCary, John
245 0 _aDesign for good /
_cJohn Cary
260 _bIsland
300 _a275 p.
650 _aESCUELAS
942 _cBK
999 _c10957
_d10957